000
00299nam a22001217a 4500
040
_c
HS
082
_a
664
100
_a
គា គីមអេង
245
_a
Fish processing កែច្នៃផលនេសាទ
260
_a
RUA
_b
គា គីមអេង
_c
2011
300
_a
75p;
942
_c
KB
999
_c
9762
_d
9762